Envases y embalajes: como herramienta de la exportación

Guardat en:
Dades bibliogràfiques
Autor principal: Gioia, Miguel Angel di (Autor)
Format: Llibre
Idioma:espanyol
Publicat: Buenos Aires Macchi 1995
Edició:1a. ed
Matèries:
Etiquetes: Afegir etiqueta
Sense etiquetes, Sigues el primer a etiquetar aquest registre!

MARC

LEADER 00000nam a2200000 a 4500
001 UCI5041
003 CL-VaPUC
008 080311e19950000AG |||||||||||||||||spa|d
020 |a 9505373368 
082 0 4 |a 658.564  |b GIO  |2 21 
100 0 |a Gioia, Miguel Angel di  |e author  |9 527116 
245 1 0 |a Envases y embalajes: como herramienta de la exportación 
250 |a 1a. ed 
300 |a 187 p 
942 |c BK 
945 |d 20080311 00:00:00  |a cmena 
260 |a Buenos Aires  |b Macchi  |c 1995 
650 7 |a ENVASES  |2 CL-VaPUC  |9 341877 
650 7 |a DISEÑO DE ENVASES  |2 CL-VaPUC  |9 527117 
650 0 |a Control de calidad   |9 259714 
650 7 |a COMERCIO INTERNACIONAL  |2 CL-VaPUC  |9 527118 
650 0 |a Embalaje  |9 364157 
650 0 |a Calidad total  |9 259929 
650 0 |a Investigación de mercado  |9 332310 
583 |a last modification  |c 20141114 05:30:22  |k Rodrigo Vera 
999 |c 328805  |d 328803